México y sus alrededores (Record no. 8323)

MARC details
000 -CABECERA
campo de control de longitud fija 01723nam a2200325 a 4500
001 - NÚMERO DE CONTROL
campo de control BRCA_8664
005 - FECHA Y HORA DE LA ÚLTIMA TRANSACCIÓN
campo de control 20190320210348.0
008 - DATOS DE LONGITUD FIJA--INFORMACIÓN GENERAL
campo de control de longitud fija 291116s1855----mx-a######---#000-0#spa-#
041 ## - CÓDIGO DE LENGUA
Código de lengua del texto/banda sonora o título independiente spa
044 ## - CÓDIGO DEL PAÍS DE LA ENTIDAD EDITORA/PRODUCTORA
Código MARC del país mx
050 #4 - SIGNATURA TOPOGRÁFICA DE LA BIBLIOTECA DEL CONGRESO
Número de clasificación F1215
Número de documento/Ítem .D43
-- 1855-1857
100 1# - ENTRADA PRINCIPAL--NOMBRE DE PERSONA
Nombre de persona Decaen
9 (RLIN) 21618
245 10 - MENCIÓN DE TÍTULO
Título México y sus alrededores
Resto del título coleccion de monumentos, trajes y paisajes
Mención de responsabilidad, etc. Bajo la dirección de Decaen; dibujados al natural y litografiados por los artistas mexicanos C. Castro, J. Campillo, L. Auda, G. Rodríguez.
260 ## - PUBLICACIÓN, DISTRIBUCIÓN, ETC.
Lugar de publicación, distribución, etc. México
Nombre del editor, distribuidor, etc. Ejecutado en el establecimiento Litog. de Decaen
Fecha de publicación, distribución, etc. 1855-1856
300 ## - DESCRIPCIÓN FÍSICA
Extensión 35 p.
Otras características físicas il.
Dimensiones 47 cm
500 ## - NOTA GENERAL
Nota general Fondo antiguo
500 ## - NOTA GENERAL
Nota general Se encuentra en Caja Fuerte
500 ## - NOTA GENERAL
Nota general W-22/B-95/R-32
500 ## - NOTA GENERAL
Nota general Los articulos descriptivos son de los señores: D. Marcos Arronis, D. José T. de Cuellar, D. Florencio M. del Castillo, D. Hilarion Fias y Soto, D. Francisco González Bocanegra, D. J. M. González, D. Luis Ortíz, D. Manuel Orozco y Berra, D. Manuel Payno, D. Anselmo de la Portilla, D. José Fernando Ramírez, D. Luis de la Rosa, D. Vicente Segura Argüelles, D. Francisco Zarco y D. Nicieto de Zamacois
500 ## - NOTA GENERAL
Nota general Incluye 37 láminas a color y 1 plano de la Ciudad de México
500 ## - NOTA GENERAL
Nota general Estado físico: ejemplar en hojas sueltas
500 ## - NOTA GENERAL
Nota general Nota de encuadernación: en tela sobre cartón, deteriorada desprendida del lomo y tapas
506 0# - NOTA DE RESTRICCIONES AL ACCESO
Limitaciones de acceso Fondo reservado: para su consulta es necesario credencial de usuario y carta de motivos
-- Descripción y viajes
-- México
700 1# - PUNTO DE ACCESO ADICIONAL--NOMBRE DE PERSONA
Nombre de persona Castro, C.
Término indicativo de función/relación il.
9 (RLIN) 11049
700 1# - PUNTO DE ACCESO ADICIONAL--NOMBRE DE PERSONA
Nombre de persona Rodríguez, G.
Término indicativo de función/relación il.
9 (RLIN) 21619
700 1# - PUNTO DE ACCESO ADICIONAL--NOMBRE DE PERSONA
Nombre de persona Campillo, J.
Término indicativo de función/relación il.
9 (RLIN) 21620
700 1# - PUNTO DE ACCESO ADICIONAL--NOMBRE DE PERSONA
Nombre de persona Auda, L.
Término indicativo de función/relación il.
9 (RLIN) 21621
902 ## - CATALOGADOR
Iniciales LAR
942 ## - ELEMENTOS DE PUNTO DE ACCESO ADICIONAL (KOHA)
Fuente del sistema de clasificación o colocación Library of Congress Classification
Tipo de ítem Koha Libros
Holdings
Estado de retiro Estado de pérdida Estado dañado No para préstamo Localización permanente Ubicación/localización actual Fecha de adquisición Total de préstamos Signatura topográfica completa Código de barras Fecha visto por última vez Precio válido a partir de Tipo de ítem Koha
El ejemplar forma parte de la colección y puede ser consultado según las políticas vigentes.       Biblioteca del Museo Franz Mayer (Rogerio Casas-Alatriste) Biblioteca del Museo Franz Mayer (Rogerio Casas-Alatriste) 29/11/2016   F1215 .D43 1855-1857 LAR00163 22/03/2019 22/03/2019 Libros